01680nam a2200289 a 450000100100000000500170001000800410002704000250006808200170009310000310011024501530014126000360029430000370033050000550036750000300042250400740045250503810052653400930090770000310100070000290103170000340106070000420109404900090113695201140114595201140125999900170137300002564220200930023934.0110218s1975 ag ad r 000 0 spa d aDO-SdBNPbspacBNPHU axxxxxbB655e1 aBloom, Benjamín S95206010aEvaluación del aprendizaje /cBenjamin Samuel Bloom ,J Thomas Hastings , George F Madaus ; traducción Antonio H. Soto , Enrique molina de Vedia. aBuenos Aires :bTroquel,c1975. av. ; :bil., diagrs. ;c22.5 cm. aIncluye referencias bibliográficas p. [316-319]. aBiblioteca posee v. 2 y 4 aIncluye referencias bibliográficas y notas al pie de las páginas.0 gv.2tEducación preescolar I,rConstance K. Kamii.tEducación preescolar II,rCourtney B. Cazden.tArtes del lenguaje,rWalter J. Moore,rLarry D. Kennedy.tEstudios sociales de la escuela secundaria,rLisanio R. Orlandi.gv. 4tLiteratura,rAlan C. Purves.tLengua escrita,rJoseph J. Foley.tSegunda lengua,rRebeca M. Valette.tEducación industrial,rThomas S. Baldwin pTítulo original :tHandbook on formative and summative evaluation of student learning.1 aHastings, J. Thomas9523741 aMadaus, George F.9523751 aSoto, Antonio H.,etr.9484421 aMolina de Vedia, Enrique,etr.952376 aBNGR 001054708MOaGRbGRcCTd2011-02-18iLF1l0ov. 2p25642-10r2020-06-25w2020-06-25y4ZPréstamo en sala 001054708MOaGRbGRcCTd2011-02-18iLF1l0ov. 4p25642-20r2020-06-25w2020-06-25y4ZPréstamo en sala c25134d25134